| 000 | 00437nam a2200193Ia 4500 | ||
|---|---|---|---|
| 008 | 170918s9999 xx 000 0 und d | ||
| 020 | _a590367943 | ||
| 050 | _bB879 1989 | ||
| 100 | _aBrown, Marc | ||
| 245 | _aArthur's birthday / | ||
| 245 | _cMarc Brown. | ||
| 260 | _aNew York : | ||
| 260 | _bScholastic, | ||
| 260 | _c1989 | ||
| 300 | _aunpaged : | ||
| 300 | _bcolored illustration ; | ||
| 300 | _c25cm. | ||
| 500 | _a260 | ||
| 999 |
_c341140 _d341140 |
||